00289nam a2200133Ia 45000030006000000080041000060400015000471000019000622450026000812600009001073000008001165460014001240050017001380STCL150530s9999 xx 000 0 und d aSTCLcSTCL aSantha Kumar,S aVishadam Enna Vikaram c1984 a202 aMalayalam20220125165308.0